000 00380nam a2200133Ia 4500
008 220217s9999||||xx |||||||||||||| ||und||
020 _a0-07-463501-8
082 _a005.13 APP
100 _aAppleby, Doris, VandeKopple, Julius, J
_93364
245 0 _aProgramming languages
260 _aTata mcgraw hill
_bNew Delhi
_c2004
300 _b225
650 _aPROGRAMMING LANGUAGE
999 _c173542
_d173542